Nommez cette personne historique n°1 - Statistiques

Statistiques générales
  • Ce quiz a été pris 1 100 fois
  • Le résultat moyen est 9 sur 20
Statistiques - réponses
Par images Réponse % Correct
Vincent Van Gogh
88%
Che Guevara
84%
Vladimir Lénine
82%
Al Capone
68%
Mère Teresa
62%
Alfred Hitchcock
60%
Sigmund Freud
58%
Henri VIII
57%
Gengis Khan
56%
William Shakespeare
54%
George Washington
52%
Élisabeth Ire
51%
Hirohito
50%
Edgar Allan Poe
37%
Thomas Edison
29%
Amelia Earhart
24%
George Custer
12%
Babe Ruth
8%
Charles Dickens
7%
Frederick Douglass
2%
Aucun quiz correspondant
Distribution des résultats
% des personnes avec chaque résultat
Percentile par nombre de réponses
Votre historique - résultats
Vous n’avez pas pris ce quiz